[Event "Muensterland-ch"]
[Site "Heiden"]
[Date "2013.03.24"]
[Round "4.4"]
[White "Sommer, Uwe"]
[Black "Haselhorst, Helmut"]
[Result "1-0"]
[WhiteElo "2065"]
[BlackElo "2089"]
[PlyCount "99"]
[EventDate "2013.03.23"]
[EventType "tourn"]
[EventRounds "7"]
[EventCountry "GER"]
[SourceTitle "EXT 2022"]
[Source "ChessBase"]
[SourceDate "2021.10.06"]
[SourceVersion "1"]
[SourceVersionDate "2021.10.06"]
[SourceQuality "1"]

1. e4 c6 2. d4 d5 3. e5 c5 4. c3 Nc6 5. Be3 Nh6 6. Bd3 Nf5 7. Ne2 Nxe3 8. fxe3 Bg4 9. 0-0 e6 10. Qe1 Bh5 11. Nf4 Bg6 12. Nxg6 hxg6 13. Qf2 Qe7 14. Nd2 Rc8 15. a3 Rc7 16. b4 c4 17. Bc2 Qh4 18. g3 Qh6 19. e4 f5 20. exd5 exd5 21. Rae1 Be7 22. Re2 Bd8 23. Qg2 Ne7 24. Nf3 g5 25. h4 gxh4 26. Nxh4 g6 27. Qf3 Qh5 28. Qxh5 Rxh5 29. Ng2 Kf7 30. Nf4 Rh6 31. Rh2 Rxh2 32. Kxh2 b5 33. Ng2 a5 34. g4 axb4 35. axb4 Ra7 36. gxf5 gxf5 37. Bxf5 Nxf5 38. Rxf5+ Ke6 39. Rf3 Bg5 40. Nf4+ Kf5 41. Kg3 Ke4 42. Ne6 Be7 43. Kg4 Ra1 44. Rf4+ Kd3 45. Nc7 Rg1+ 46. Kf5 Bg5 47. Rf3+ Ke2 48. Rh3 Bd2 49. Nxd5 Rf1+ 50. Ke6 1-0

[Event "Muensterland Verbandsklasse-A 1213"]
[Site "Germany"]
[Date "2013.01.26"]
[Round "5.1"]
[White "Sommer, Uwe"]
[Black "Rosing, Hermann"]
[Result "0-1"]
[WhiteElo "2022"]
[BlackElo "2014"]
[PlyCount "97"]
[EventDate "2012.09.15"]
[EventType "team-tourn"]
[EventRounds "9"]
[EventCountry "GER"]
[SourceTitle "EXT 2015"]
[Source "ChessBase"]
[SourceDate "2014.11.20"]
[SourceVersion "1"]
[SourceVersionDate "2014.11.20"]
[SourceQuality "1"]
[WhiteTeam "Neuenkirchen II"]
[BlackTeam "Ahaus Wessum"]
[WhiteTeamCountry "GER"]
[BlackTeamCountry "GER"]

1. e4 e5 2. Nf3 Nc6 3. Bc4 Nf6 4. Qe2 Be7 5. d4 d6 6. Bb5 Bd7 7. dxe5 Nxe5 8. Bxd7+ Qxd7 9. h3 0-0 10. Nc3 Ng6 11. Bd2 c6 12. 0-0-0 Qc7 13. g4 Rfe8 14. Nd4 Bf8 15. f4 b5 16. g5 Nd7 17. Qf3 b4 18. Na4 c5 19. Nf5 Qc6 20. b3 Qxe4 21. Qg4 Qc6 22. h4 d5 23. h5 Ne7 24. Ne3 a5 25. Kb1 c4 26. Bc1 Rad8 27. f5 Ne5 28. Qg3 d4 29. f6 Nd5 30. Nxd5 Rxd5 31. Rhf1 d3 32. cxd3 Rxd3 33. Rxd3 cxd3 34. Qf2 Qe4 35. Re1 Qc6 36. Rd1 Rc8 37. Qd2 Qe4 38. Bb2 Rc2 39. Qe1 Re2 40. Qh1 Nf3 41. fxg7 d2+ 42. Ka1 Bd6 43. Qh3 Qc2 44. Nc3 bxc3 45. Qc8+ Kxg7 46. Bxc3+ Qxc3+ 47. Qxc3+ Be5 48. Qxe5+ Rxe5 49. Kb2 0-1

[Event "NRW Class1 1011"]
[Site "Germany"]
[Date "2011.02.20"]
[Round "7.7"]
[White "Babar, Michael"]
[Black "Sommer, Uwe"]
[Result "1-0"]
[WhiteElo "2213"]
[BlackElo "2082"]
[PlyCount "89"]
[EventDate "2010.09.26"]
[EventType "team-tourn"]
[EventRounds "9"]
[EventCountry "GER"]
[SourceTitle "EXT 2012"]
[Source "ChessBase"]
[SourceDate "2011.11.24"]
[SourceVersion "1"]
[SourceVersionDate "2011.11.24"]
[SourceQuality "1"]
[WhiteTeam "Dortmund Hansa II"]
[BlackTeam "Neuenkirchen"]
[WhiteTeamCountry "GER"]
[BlackTeamCountry "GER"]

1. c4 g6 2. Nc3 Bg7 3. g3 c5 4. Bg2 Nc6 5. e3 Nf6 6. Nge2 0-0 7. 0-0 d6 8. Rb1 e5 9. a3 a5 10. d3 Ne8 11. Nd5 f5 12. Nec3 Kh8 13. Bd2 Nf6 14. b4 axb4 15. axb4 Nxd5 16. Nxd5 Ne7 17. bxc5 Nxd5 18. Bxd5 dxc5 19. Qb3 Ra6 20. Bc3 Rd6 21. Rfe1 g5 22. Qb2 Rxd5 23. cxd5 Qxd5 24. f4 Re8 25. Rbd1 Bd7 26. e4 Qf7 27. fxe5 Be6 28. Qf2 f4 29. Rb1 Qd7 30. Qxc5 fxg3 31. hxg3 Qxd3 32. Qe3 Qd7 33. Red1 Qc8 34. Rbc1 Bh6 35. Bb4 Qa8 36. Bd6 Qa2 37. Rd2 Qa4 38. Rc7 Qa1+ 39. Kh2 Qf1 40. Qf2 Qh3+ 41. Kg1 Bg7 42. Rxg7 Kxg7 43. Qf6+ Kg8 44. Qxg5+ Kh8 45. Be7 1-0

[Event "Muensterland-ch"]
[Site "Muenster"]
[Date "2010.04.02"]
[Round "2"]
[White "Funke, Reinhard"]
[Black "Sommer, Uwe"]
[Result "1/2-1/2"]
[WhiteElo "2185"]
[BlackElo "2064"]
[PlyCount "60"]
[EventDate "2010.04.02"]
[EventType "swiss"]
[EventRounds "7"]
[EventCountry "GER"]
[SourceTitle "CBM 136 Extra"]
[Source "ChessBase"]
[SourceDate "2010.07.02"]
[SourceVersion "2"]
[SourceVersionDate "2010.07.15"]
[SourceQuality "1"]

1. d4 g6 2. c4 Bg7 3. Nf3 d6 4. Nc3 Bg4 5. h3 Bxf3 6. gxf3 Nc6 7. e3 e5 8. d5 Nce7 9. e4 f5 10. h4 Nf6 11. Qc2 0-0 12. Bh3 Nh5 13. Bg5 Nf4 14. Bxf4 exf4 15. h5 g5 16. h6 Bxc3+ 17. Qxc3 Rf7 18. exf5 Qf8 19. 0-0-0 Qxh6 20. f6 Rxf6 21. Be6+ Rxe6 22. Rxh6 Rxh6 23. Re1 Nf5 24. Qa5 b6 25. Qa4 Rf8 26. Qd7 Rhf6 27. Qxc7 R8f7 28. Re8+ Kg7 29. Qc8 Rf8 30. b4 Rxe8 1/2-1/2

[Event "NRW Class1 0910"]
[Site "Germany"]
[Date "2010.03.21"]
[Round "8.8"]
[White "Sommer, Uwe"]
[Black "Wuesten, Christian"]
[Result "1-0"]
[WhiteElo "2039"]
[BlackElo "2042"]
[PlyCount "61"]
[EventDate "2009.09.20"]
[EventType "team-tourn"]
[EventRounds "9"]
[EventCountry "GER"]
[SourceTitle "EXT 2011"]
[Source "ChessBase"]
[SourceDate "2010.11.26"]
[SourceVersion "1"]
[SourceVersionDate "2010.11.26"]
[SourceQuality "1"]
[WhiteTeam "Neuenkirchen"]
[BlackTeam "Krefeld Turm"]
[WhiteTeamCountry "GER"]
[BlackTeamCountry "GER"]

1. e4 c6 2. d4 d5 3. e5 Bf5 4. Nc3 e6 5. g4 Bg6 6. h4 h5 7. g5 Bf5 8. Nce2 g6 9. Ng3 Ne7 10. c3 Nd7 11. Nxf5 Nxf5 12. Bd3 Qb6 13. Ne2 c5 14. Be3 cxd4 15. cxd4 Qxb2 16. Rb1 Qxa2 17. Rxb7 Rb8 18. Rxb8+ Nxb8 19. Qc1 Bb4+ 20. Kf1 Ne7 21. Rh3 0-0 22. Nf4 Rc8 23. Qd1 Kg7 24. Qf3 Nf5 25. Kg2 Nc6 26. Bxf5 exf5 27. Nxh5+ gxh5 28. Qxf5 Ne7 29. Qf6+ Kg8 30. g6 Nxg6 31. e6 1-0

[Event "NRW Class1 0910"]
[Site "Germany"]
[Date "2009.11.22"]
[Round "3.7"]
[White "Thiemonds, Uli"]
[Black "Sommer, Uwe"]
[Result "1/2-1/2"]
[WhiteElo "2016"]
[BlackElo "2039"]
[PlyCount "87"]
[EventDate "2009.09.20"]
[EventType "team-tourn"]
[EventRounds "9"]
[EventCountry "GER"]
[SourceTitle "EXT 2011"]
[Source "ChessBase"]
[SourceDate "2010.11.26"]
[SourceVersion "1"]
[SourceVersionDate "2010.11.26"]
[SourceQuality "1"]
[WhiteTeam "Porz SG II"]
[BlackTeam "Neuenkirchen"]
[WhiteTeamCountry "GER"]
[BlackTeamCountry "GER"]

1. e4 e5 2. Nf3 Nc6 3. Bb5 a6 4. Bxc6 dxc6 5. 0-0 Bg4 6. h3 Bxf3 7. Qxf3 Qf6 8. Qxf6 Nxf6 9. d3 Bc5 10. Nc3 0-0 11. Kh2 Nd7 12. f4 exf4 13. Bxf4 Bd6 14. Nd1 Rae8 15. Ne3 g6 16. Nc4 Bxf4+ 17. Rxf4 c5 18. Raf1 h5 19. g4 hxg4 20. hxg4 Kg7 21. Kg3 f6 22. Rh1 Rh8 23. Rff1 Rxh1 24. Rxh1 b5 25. Ne3 c6 26. b3 Nb6 27. a4 a5 28. Ra1 Ra8 29. Nd1 bxa4 30. bxa4 Rd8 31. Rb1 Nxa4 32. Rb7+ Kh6 33. Ra7 c4 34. Nf2 cxd3 35. Nxd3 Nc3 36. Rxa5 Nxe4+ 37. Kf4 Nc3 38. Rc5 Ne2+ 39. Ke3 Re8+ 40. Kf2 Re6 41. Nb4 Nf4 42. Nxc6 Nh3+ 43. Kg2 Ng5 44. Rc4 1/2-1/2

[Event "Muensterland Verbandsliga 0708"]
[Site "Germany"]
[Date "2008.01.12"]
[Round "5.8"]
[White "Rensmann, Jochen"]
[Black "Sommer, Uwe"]
[Result "0-1"]
[WhiteElo "1693"]
[BlackElo "2023"]
[PlyCount "138"]
[EventDate "2007.09.08"]
[EventType "team-tourn"]
[EventRounds "9"]
[EventCountry "GER"]
[SourceTitle "EXT 2009"]
[Source "ChessBase"]
[SourceDate "2008.11.26"]
[SourceVersion "1"]
[SourceVersionDate "2008.11.26"]
[SourceQuality "1"]
[WhiteTeam "Stadtlohn"]
[BlackTeam "Westbevern"]
[WhiteTeamCountry "GER"]
[BlackTeamCountry "GER"]

1. d4 g6 2. e4 Bg7 3. Nc3 d6 4. f4 a6 5. Be3 b5 6. a3 Bb7 7. Qd2 Nf6 8. Bd3 Ng4 9. Nf3 Nxe3 10. Qxe3 Nd7 11. e5 0-0 12. Be4 Bxe4 13. Nxe4 e6 14. Rd1 Nb6 15. g3 Qe7 16. 0-0 Rac8 17. Qf2 Rfd8 18. h4 Qe8 19. Kh2 Nd5 20. Rd3 Qc6 21. c3 Nxf4 22. Nf6+ Bxf6 23. gxf4 Qe4 24. Qe3 Qxe3 25. Rxe3 Be7 26. exd6 Bxd6 27. Ng5 c5 28. dxc5 Bxc5 29. Re2 Rd3 30. Nf3 Bd6 31. Ne1 Rd1 32. Rf3 Rc4 33. Kg3 h6 34. Nd3 Rg1+ 35. Kh3 Be7 36. Ne5 Rc7 37. Rh2 Kg7 38. Rd3 h5 39. Rg3 Rf1 40. Rf3 Re1 41. Rd3 f6 42. Nf3 Re4 43. Kg3 e5 44. fxe5 fxe5 45. Rd5 Rg4+ 46. Kf2 e4 47. Ng5 Bxg5 48. hxg5 Rf7+ 49. Ke2 Rf5 50. Rd7+ Kf8 51. a4 Rfxg5 52. Rf2+ Rf5 53. axb5 Rxf2+ 54. Kxf2 axb5 55. Rb7 h4 56. Ke3 g5 57. Rxb5 h3 58. Rf5+ Ke7 59. Rf1 Rh4 60. b4 Ke6 61. c4 Ke5 62. b5 h2 63. Rh1 g4 64. b6 g3 65. b7 Rh8 66. c5 Kd5 67. Kf4 g2 68. Rxh2 Rf8+ 69. Ke3 g1Q+ 0-1

[Event "Muensterland Verbandsliga 0708"]
[Site "Germany"]
[Date "2007.10.13"]
[Round "2.7"]
[White "Loeckener, Thomas"]
[Black "Sommer, Uwe"]
[Result "0-1"]
[WhiteElo "1690"]
[BlackElo "2023"]
[PlyCount "78"]
[EventDate "2007.09.08"]
[EventType "team-tourn"]
[EventRounds "9"]
[EventCountry "GER"]
[SourceTitle "EXT 2009"]
[Source "ChessBase"]
[SourceDate "2008.11.26"]
[SourceVersion "1"]
[SourceVersionDate "2008.11.26"]
[SourceQuality "1"]
[WhiteTeam "Saerbeck"]
[BlackTeam "Westbevern"]
[WhiteTeamCountry "GER"]
[BlackTeamCountry "GER"]

1. e4 d6 2. d4 g6 3. Be3 Bg7 4. c3 Nc6 5. Bd3 e5 6. Ne2 Nge7 7. 0-0 0-0 8. f4 f5 9. Nd2 fxe4 10. Bxe4 d5 11. Bc2 e4 12. Ng3 h5 13. Bb3 Nf5 14. Nxf5 Bxf5 15. h3 Qd7 16. Rf2 Ne7 17. Qe2 b5 18. Kh2 Be6 19. Rg1 h4 20. Nf1 c6 21. g4 hxg3+ 22. Nxg3 Kf7 23. f5 Nxf5 24. Nxf5 Bxf5 25. Rxf5+ gxf5 26. Qh5+ Kg8 27. Bh6 Rf7 28. Qg6 Re8 29. Bf4 Qe6 30. Qh5 Kf8 31. Rg6 Rf6 32. Rg1 Qf7 33. Qh4 Rg6 34. Rf1 Bf6 35. Qf2 Ke7 36. Bd1 Reg8 37. Kh1 Qh7 38. Qe3 Bg5 39. Bxg5+ Rxg5 0-1

[Event "Muensterland Verbandsliga 0708"]
[Site "Germany"]
[Date "2007.09.08"]
[Round "1.6"]
[White "Boesel, Alexander"]
[Black "Sommer, Uwe"]
[Result "1-0"]
[WhiteElo "2048"]
[BlackElo "2023"]
[PlyCount "113"]
[EventDate "2007.09.08"]
[EventType "team-tourn"]
[EventRounds "9"]
[EventCountry "GER"]
[SourceTitle "EXT 2009"]
[Source "ChessBase"]
[SourceDate "2008.11.26"]
[SourceVersion "1"]
[SourceVersionDate "2008.11.26"]
[SourceQuality "1"]
[WhiteTeam "Olfen"]
[BlackTeam "Westbevern"]
[WhiteTeamCountry "GER"]
[BlackTeamCountry "GER"]

1. d4 Nf6 2. Nf3 d5 3. Bf4 g6 4. e3 Bg7 5. c4 c6 6. Nc3 0-0 7. Be2 dxc4 8. Bxc4 b5 9. Bb3 a5 10. a3 Ba6 11. Bc2 Nbd7 12. Bd3 Re8 13. 0-0 Nh5 14. Re1 Nxf4 15. exf4 Qb6 16. Rc1 Rad8 17. Qc2 Bb7 18. Ne2 e6 19. Red1 Bf8 20. Be4 Nf6 21. Bxc6 Rc8 22. Ne5 Rxc6 23. Nxc6 Rc8 24. d5 Nxd5 25. Ned4 Nxf4 26. Qd2 e5 27. Nxe5 Qxd4 28. Rxc8 Qxe5 29. Rd8 Bxg2 30. Qd6 Qxd6 31. R1xd6 Kg7 32. Ra6 Bf3 33. Rxa5 Be2 34. Re8 Bc4 35. b4 h5 36. h4 Ne6 37. Ra7 Nd4 38. Re4 Ne6 39. Rd7 Kf6 40. f3 Bh6 41. a4 Nf4 42. a5 Nd5 43. Rxc4 bxc4 44. Rxd5 c3 45. Rd6+ Ke5 46. Rc6 Kd4 47. Kf1 Kd3 48. b5 Be3 49. b6 c2 50. b7 Ba7 51. Ke1 Bb8 52. a6 Bg3+ 53. Kf1 Bb8 54. Rc8 Kd2 55. Rd8+ Kc3 56. Ke2 Kb2 57. Rxb8 1-0